MARC

LEADER 00000nam0a2200000 4500
001 333515
005 20231102004549.0
035 |a (RuTPU)RU\TPU\book\359510 
035 |a RU\TPU\book\359441 
090 |a 333515 
100 |a 20170616d1885 k y0rusy50 ca 
101 0 |a rus 
102 |a RU 
105 |a y z 000zy 
200 1 |a Рельсовая сталь  |f Русское техническое общество (РТО), Комиссия при III отделе по механическому и химическому исследованиям рельсовой и бандажной стали 1884-1885 г.г. 
210 |a Санкт-Петербург  |c Типография брат. Пантелеевых  |d 1885 
215 |a 8, 3, 3 с.  |c 2 табл. 
300 |a Раздельная пагинация страниц 
300 |a Текст в русской дореформенной орфографии 
316 |5 63413507: 37//216  |a На издательской обложке экслибрис библиотеки С. Н. Кулибина 
316 |5 63413507: 37//216  |a На издательской обложке и с. 1 надпись: "[Пост. от] В. Н. Бек-Гергард. 4 января 1886" 
316 |5 63413507: 37//216  |a Пометы в тексте 
316 |5 63413507: 37//216  |a На форзаце экслибрис библиотеки ТТИ 
317 |5 63413507: 37//216  |a Поступил в НТБ в 1900 г. в составе книжного собрания С. Н. Кулибина 
606 1 |a Сталелитейный завод  |2 stltpush  |3 (RuTPU)RU\TPU\subj\56156  |9 74070 
606 1 |a Рельсопрокатное производство  |2 stltpush  |3 (RuTPU)RU\TPU\subj\25001  |9 49260 
606 1 |a Сталь рельсовая  |x Упрочнение  |2 stltpush  |3 (RuTPU)RU\TPU\subj\56590  |9 74481 
610 1 |a Россия 
610 1 |a железные дороги 
610 1 |a заводы 
610 1 |a производства 
610 1 |a 19 век 
610 1 |a история 
610 1 |a библиотека С. Н. Кулибина 
610 1 |a владельческие знаки 
610 1 |a владельческая надпись 
675 |a 621.771.26  |v 4 
675 |a 621.74:669.14  |v 4 
675 |a 669.018.29  |v 3 
712 0 2 |a Русское техническое общество (РТО)  |b Комиссия при III отделе по механическому и химическому исследованиям рельсовой и бандажной стали 1884-1885 г.г.  |c (Санкт-Петербург)  |c (1866-1929)  |2 stltpush  |3 (RuTPU)RU\TPU\col\21894 
801 1 |a RU  |b 63413507  |c 20170615 
801 2 |a RU  |b 63413507  |c 20210113  |g RCR 
942 |c BK